[Event "XXIII Memorial Edoardo Crespi Open"]
[Site "Milano ITA"]
[Date "2002.12.07"]
[Round "8"]
[White "Qendro, Llambi"]
[Black "Contin, Daniel"]
[Result "1/2-1/2"]
[WhiteElo "2364"]
[BlackElo "2330"]
[PlyCount "30"]
[EventDate "2002.12.02"]

1. d4 Nf6 2. c4 e6 3. Nf3 b6 4. g3 Ba6 5. Qa4 Bb7 6. Bg2 c5 7. dxc5 Bxc5 8. O-O
Na6 9. Nc3 Be7 10. Bf4 Nc5 11. Qc2 O-O 12. Rfd1 Qc8 13. Bd6 Bxd6 14. Rxd6 Nfe4
15. Rd4 Nxc3 1/2-1/2

[Event "XXIII Memorial Edoardo Crespi Open"]
[Site "Milano ITA"]
[Date "2002.12.07"]
[Round "8"]
[White "Sareen, Vishal"]
[Black "Mrdja, Milan"]
[Result "1-0"]
[WhiteElo "2335"]
[BlackElo "2368"]
[PlyCount "85"]
[EventDate "2002.12.02"]

1. e4 c5 2. Nf3 d6 3. d4 cxd4 4. Nxd4 Nf6 5. Nc3 a6 6. Be2 g6 7. O-O Bg7 8. Nb3
O-O 9. f4 Nc6 10. Be3 a5 11. a4 Be6 12. Nd4 Nxd4 13. Bxd4 Rc8 14. b3 Nd7 15.
Bxg7 Kxg7 16. Nd5 Bxd5 17. exd5 Qb6+ 18. Kh1 Nf6 19. Qd3 Qc5 20. c4 e6 21. dxe6
fxe6 22. Bf3 b6 23. Rad1 Rcd8 24. h3 Rd7 25. Rfe1 e5 26. f5 Re8 27. Be4 Rf8 28.
fxg6 Nxe4 29. Rxe4 hxg6 30. Rg4 Rf6 31. Kh2 Re7 32. Qe4 Ree6 33. Rd5 Qf2 34.
Rb5 Kf7 35. Qb7+ Re7 36. Qd5+ Kg7 37. Qe4 Ree6 38. Qb7+ Rf7 39. Qe4 Ref6 40. b4
axb4 41. Rxb4 Re7 42. Rb3 Kf7 43. Rf3 1-0

[Event "XXIII Memorial Edoardo Crespi Open"]
[Site "Milano ITA"]
[Date "2002.12.07"]
[Round "8"]
[White "Sbarra, Marco"]
[Black "Lapiccirella, Mattia"]
[Result "1/2-1/2"]
[WhiteElo "2220"]
[BlackElo "2193"]
[PlyCount "97"]
[EventDate "2002.12.02"]

1. e4 c5 2. Nf3 Nc6 3. Bb5 g6 4. Bxc6 dxc6 5. d3 Bg7 6. h3 Nf6 7. Nc3 O-O 8.
Be3 b6 9. Qd2 Ne8 10. Bh6 f6 11. O-O-O Nc7 12. Bxg7 Kxg7 13. Nh2 e5 14. f4 exf4
15. Qxf4 Ne6 16. Qe3 Nd4 17. Rde1 Qe7 18. Nf3 Nxf3 19. gxf3 Bd7 20. f4 Rae8 21.
Qg3 Qd6 22. h4 f5 23. e5 Qe6 24. h5 Qf7 25. Re2 Rg8 26. Reh2 Kf8 27. Qg5 Qe7
28. Qh6+ Qg7 29. hxg6 Qxh6 30. Rxh6 hxg6 31. Rg1 Re6 32. Rh7 Re7 33. Rxe7 Kxe7
34. Rg5 Kf7 35. Ne2 Rh8 36. Kd2 Be6 37. a3 Bd5 38. Ke3 c4 39. Rg3 cxd3 40. cxd3
c5 41. Ng1 Rh2 42. Rh3 Rxb2 43. Rh7+ Ke8 44. Rxa7 Rb3 45. Nh3 c4 46. Ng5 Rxd3+
47. Ke2 Rd4 48. Ke3 Rd3+ 49. Ke2 1/2-1/2

[Event "XXIII Memorial Edoardo Crespi Open"]
[Site "Milano ITA"]
[Date "2002.12.07"]
[Round "8"]
[White "Valenti, Giuseppe"]
[Black "Brovelli, Claudio"]
[Result "1-0"]
[WhiteElo "2230"]
[BlackElo "2180"]
[PlyCount "75"]
[EventDate "2002.12.02"]

1. e4 e6 2. d4 d5 3. Nd2 Nc6 4. Ngf3 Nf6 5. e5 Nd7 6. c3 f6 7. Bb5 fxe5 8. dxe5
Be7 9. O-O O-O 10. Re1 Qe8 11. Nf1 Qf7 12. Ng3 h6 13. Bd3 Rd8 14. Qc2 Nf8 15.
Qa4 Bd7 16. Qg4 Kh8 17. h4 Be8 18. h5 Rd7 19. Be3 Nd8 20. Rad1 c5 21. Nh4 Nc6
22. Ng6+ Nxg6 23. hxg6 Qg8 24. Bc1 Bf8 25. Nh5 d4 26. Bc4 Nd8 27. Nf4 Re7 28.
cxd4 cxd4 29. Rxd4 Rc8 30. Bb3 Rd7 31. Rdd1 Rc6 32. Bd2 b5 33. Bc3 Bc5 34. Rxd7
Bxd7 35. Rd1 Qe8 36. Qe2 a6 37. Qd3 Rc7 38. Ba5 1-0

[Event "XXIII Memorial Edoardo Crespi Open"]
[Site "Milano ITA"]
[Date "2002.12.08"]
[Round "9"]
[White "Astengo, Corrado"]
[Black "Sanchez, Joseph"]
[Result "0-1"]
[WhiteElo "2172"]
[BlackElo "2307"]
[PlyCount "68"]
[EventDate "2002.12.02"]

1. d4 c5 2. e4 cxd4 3. Nf3 Nc6 4. Nxd4 Nf6 5. Nc3 e5 6. Ndb5 d6 7. Bg5 a6 8.
Na3 Be6 9. Nc4 Rc8 10. Bxf6 gxf6 11. Ne3 Bh6 12. Ncd5 Bxe3 13. Nxe3 Qb6 14. b3
Qb4+ 15. Qd2 Qxe4 16. Qxd6 Nb4 17. Bd3 Nxc2+ 18. Bxc2 Rxc2 19. Rd1 Rc8 20. O-O
Qc6 21. Qb4 f5 22. Rc1 Qxc1 23. Rxc1 Rxc1+ 24. Nf1 Rd1 25. Qh4 Kd7 26. Qb4 Rc8
27. Qxb7+ Rc7 28. Qxa6 Rcc1 29. Qa4+ Ke7 30. Qh4+ Kf8 31. h3 Rxf1+ 32. Kh2 Rh1+
33. Kg3 Rc3+ 34. f3 f4+ 0-1

[Event "XXIII Memorial Edoardo Crespi Open"]
[Site "Milano ITA"]
[Date "2002.12.08"]
[Round "9"]
[White "Brovelli, Claudio"]
[Black "Gandolfi, Gianfranco"]
[Result "1-0"]
[WhiteElo "2180"]
[BlackElo "2007"]
[PlyCount "99"]
[EventDate "2002.12.02"]

1. d4 d5 2. Nf3 Nf6 3. e3 Bf5 4. c4 e6 5. Nc3 Nc6 6. Qa4 h6 7. Ne5 Bb4 8. Nxc6
Bxc3+ 9. bxc3 Qd7 10. Ba3 Qxc6 11. Qxc6+ bxc6 12. cxd5 cxd5 13. Bb5+ Kd8 14.
Bb4 Ne4 15. f3 Nd6 16. Bc6 Rb8 17. O-O Bd3 18. Rfd1 Bb5 19. Bxd6 Bxc6 20. Bc5
a6 21. Rab1 Kd7 22. Ba7 Rxb1 23. Rxb1 Ra8 24. Bc5 g6 25. Kf2 Kc8 26. Re1 Rb8
27. Bb4 Bb5 28. Kg3 Bc4 29. a3 Kd7 30. Kf4 f6 31. h4 g5+ 32. Kg3 h5 33. hxg5
fxg5 34. Rh1 Rh8 35. Bc5 Bd3 36. Kf2 Bf5 37. Re1 Re8 38. Bb4 g4 39. Rh1 Rh8 40.
Kg3 Rg8 41. Kf4 Rh8 42. Rh4 Bg6 43. fxg4 Rh7 44. gxh5 Bxh5 45. Kg5 Bg6 46.
Rxh7+ Bxh7 47. g4 Ke8 48. Kf6 Kd7 49. Kf7 Be4 50. g5 1-0

[Event "XXIII Memorial Edoardo Crespi Open"]
[Site "Milano ITA"]
[Date "2002.12.08"]
[Round "9"]
[White "Contin, Daniel"]
[Black "Sareen, Vishal"]
[Result "1/2-1/2"]
[WhiteElo "2330"]
[BlackElo "2335"]
[PlyCount "43"]
[EventDate "2002.12.02"]

1. c4 e6 2. Nf3 d5 3. b3 Nf6 4. g3 Be7 5. Bg2 O-O 6. O-O b6 7. Bb2 Bb7 8. e3
Nbd7 9. Qe2 a5 10. Nc3 a4 11. d4 axb3 12. axb3 dxc4 13. bxc4 Ne4 14. Nb5 c6 15.
Rxa8 Qxa8 16. Ra1 Qb8 17. Nc3 Nxc3 18. Bxc3 c5 19. Qb2 Bf6 20. dxc5 Bxc3 21.
Qxc3 Nxc5 22. Qb4 1/2-1/2

[Event "XXIII Memorial Edoardo Crespi Open"]
[Site "Milano ITA"]
[Date "2002.12.08"]
[Round "9"]
[White "Crippa, Gabriele"]
[Black "Facchetti, Gianni"]
[Result "1/2-1/2"]
[WhiteElo "2118"]
[BlackElo "2160"]
[PlyCount "23"]
[EventDate "2002.12.02"]

1. d4 Nf6 2. Nf3 d6 3. Bf4 Nbd7 4. Nbd2 g6 5. h3 Bg7 6. e3 O-O 7. Be2 b6 8. O-O
Bb7 9. a4 e6 10. a5 Qe7 11. c3 e5 12. Bg5 1/2-1/2

[Event "XXIII Memorial Edoardo Crespi Open"]
[Site "Milano ITA"]
[Date "2002.12.08"]
[Round "9"]
[White "Lapiccirella, Mattia"]
[Black "Porat, David"]
[Result "0-1"]
[WhiteElo "2193"]
[BlackElo "2195"]
[PlyCount "62"]
[EventDate "2002.12.02"]

1. d4 d5 2. c4 e6 3. Nc3 Be7 4. Nf3 Nf6 5. Bg5 O-O 6. e3 b6 7. Rc1 Bb7 8. Bxf6
Bxf6 9. cxd5 exd5 10. Bd3 c5 11. O-O c4 12. Bb1 a6 13. e4 dxe4 14. Nxe4 b5 15.
Ne5 Re8 16. Nxf6+ Qxf6 17. Rc3 g6 18. f4 Nc6 19. f5 g5 20. Qh5 Nxe5 21. dxe5
Rxe5 22. Rg3 Rae8 23. Rxg5+ Kh8 24. Qh4 Re2 25. Qg3 Rxg2+ 26. Qxg2 Bxg2 27.
Rxg2 Rg8 28. Rxg8+ Kxg8 29. Rf2 Kf8 30. Be4 Qd4 31. Bb1 Qg4+ 0-1

[Event "XXIII Memorial Edoardo Crespi Open"]
[Site "Milano ITA"]
[Date "2002.12.08"]
[Round "9"]
[White "Lazic, Miroljub"]
[Black "Qendro, Llambi"]
[Result "1-0"]
[WhiteElo "2461"]
[BlackElo "2364"]
[PlyCount "79"]
[EventDate "2002.12.02"]

1. e4 d6 2. d4 Nf6 3. Nc3 g6 4. g3 Bg7 5. Bg2 O-O 6. h3 c6 7. a4 e5 8. Nge2 Be6
9. d5 cxd5 10. exd5 Bd7 11. Be3 Qc8 12. Nb5 Bxb5 13. axb5 Nbd7 14. O-O Qc4 15.
b3 Qc7 16. c4 Nh5 17. Bf3 f5 18. Bxh5 gxh5 19. f4 Nc5 20. Ra2 b6 21. fxe5 Bxe5
22. Nf4 h4 23. Rg2 Qf7 24. g4 Ne4 25. Ne6 Ng3 26. Rxg3 hxg3 27. Rxf5 Qe7 28.
Nxf8 Rxf8 29. Qf3 Re8 30. Qe4 Bf4 31. Qxf4 Qxe3+ 32. Qxe3 Rxe3 33. Rf6 Rxb3 34.
Rxd6 Rc3 35. Rc6 Rc2 36. Rc7 h6 37. d6 Rd2 38. d7 Kf8 39. Rc8+ Ke7 40. d8=Q+
1-0

[Event "XXIII Memorial Edoardo Crespi Open"]
[Site "Milano ITA"]
[Date "2002.12.08"]
[Round "9"]
[White "Lebel, Patrick"]
[Black "Valenti, Giuseppe"]
[Result "1/2-1/2"]
[WhiteElo "2183"]
[BlackElo "2230"]
[PlyCount "53"]
[EventDate "2002.12.02"]

1. b3 e5 2. Bb2 Nc6 3. e3 Nf6 4. Ne2 d5 5. g3 Bc5 6. d3 h5 7. h3 Bf5 8. Bg2 Qd7
9. a3 a5 10. Nd2 O-O-O 11. Qb1 Rde8 12. Qa2 Qd6 13. O-O-O Bg6 14. Qa1 Re7 15.
Kb1 Rhe8 16. Nc3 Kb8 17. Ka2 Qd7 18. Ne2 Bf5 19. Nf3 Bb6 20. Qb1 Bc5 21. Nd2 a4
22. b4 Bb6 23. Ka1 Na7 24. c4 c6 25. c5 Bc7 26. e4 Be6 27. Nc3 1/2-1/2

[Event "XXIII Memorial Edoardo Crespi Open"]
[Site "Milano ITA"]
[Date "2002.12.08"]
[Round "9"]
[White "Mazzini, Antonio"]
[Black "Bozzali, Ermanno"]
[Result "1-0"]
[WhiteElo "2122"]
[BlackElo "2135"]
[PlyCount "89"]
[EventDate "2002.12.02"]

1. d4 Nf6 2. Nf3 d5 3. e3 g6 4. c4 Bg7 5. Nc3 O-O 6. b3 c5 7. Bb2 cxd4 8. exd4
Nc6 9. Be2 Bg4 10. c5 Bxf3 11. Bxf3 e5 12. dxe5 Nxe5 13. O-O Nxf3+ 14. Qxf3 Ne4
15. Rad1 Qa5 16. Nxd5 Bxb2 17. Qxe4 Rfe8 18. Qc2 Be5 19. b4 Qd8 20. f4 Bg7 21.
f5 Re5 22. Nb6 axb6 23. Rxd8+ Rxd8 24. fxg6 hxg6 25. Qc4 Red5 26. cxb6 Bd4+ 27.
Kh1 Bxb6 28. a4 R8d7 29. a5 Bc7 30. g3 Kg7 31. Kg2 f5 32. Rf2 Re5 33. Rc2 Rde7
34. Qxc7 Rxc7 35. Rxc7+ Kf6 36. Rxb7 Re2+ 37. Kf3 Rxh2 38. a6 Ra2 39. a7 Kg5
40. b5 Ra3+ 41. Kf2 Kg4 42. Rg7 g5 43. b6 Ra2+ 44. Ke3 Ra3+ 45. Kd4 1-0

[Event "XXIII Memorial Edoardo Crespi Open"]
[Site "Milano ITA"]
[Date "2002.12.08"]
[Round "9"]
[White "Mrdja, Milan"]
[Black "Drazic, Sinisa"]
[Result "1/2-1/2"]
[WhiteElo "2368"]
[BlackElo "2465"]
[PlyCount "134"]
[EventDate "2002.12.02"]

1. e4 c5 2. Nf3 e6 3. d4 cxd4 4. Nxd4 a6 5. c4 Nf6 6. Nc3 Qc7 7. Nc2 b6 8. Bd3
Bb7 9. O-O d6 10. Ne3 Nbd7 11. f3 Be7 12. Bd2 O-O 13. Rc1 Rac8 14. Kh1 Rfe8 15.
Bb1 Qb8 16. b4 Bd8 17. a3 Bc7 18. f4 Qa8 19. Qc2 Bd8 20. Rce1 b5 21. Qd3 bxc4
22. Nxc4 d5 23. exd5 Bc7 24. Nb2 Nf8 25. Ba2 Nxd5 26. Nxd5 Bxd5 27. Bxd5 Qxd5
28. Qxd5 exd5 29. Nd3 Bb6 30. Rxe8 Rxe8 31. Rd1 Re4 32. g3 h5 33. Bc3 Rc4 34.
Be1 Ne6 35. Bf2 Bxf2 36. Nxf2 Rc2 37. Kg1 d4 38. Kf1 g6 39. Rd3 Kg7 40. Ke1 Ra2
41. h4 Kf6 42. Ne4+ Ke7 43. Kf1 Kd7 44. Nc5+ Kc6 45. Nxe6 fxe6 46. Rxd4 Rxa3
47. Kf2 Ra2+ 48. Kf3 Ra3+ 49. Kg2 Ra4 50. Rd8 Rxb4 51. Rg8 Rb2+ 52. Kh3 Kd6 53.
Rxg6 Rb5 54. g4 Rb3+ 55. Kg2 Rb2+ 56. Kf3 Rb3+ 57. Ke2 Rb2+ 58. Kd3 hxg4 59. f5
Rh2 60. Rxe6+ Kd5 61. Rxa6 Rh3+ 62. Ke2 Rxh4 63. Ke3 Ke5 64. Ra5+ Kf6 65. Kf4
g3+ 66. Kxg3 Rb4 67. Kf3 Kg5 1/2-1/2

[Event "XXIII Memorial Edoardo Crespi Open"]
[Site "Milano ITA"]
[Date "2002.12.08"]
[Round "9"]
[White "Popa, Florin"]
[Black "Maksimenko, Andrei"]
[Result "0-1"]
[WhiteElo "2193"]
[BlackElo "2507"]
[PlyCount "70"]
[EventDate "2002.12.02"]

1. e4 e5 2. Nf3 Nc6 3. Bc4 Nf6 4. d3 h6 5. O-O d6 6. c3 g6 7. b4 Bg7 8. Qb3 Qe7
9. Re1 O-O 10. Nbd2 Kh7 11. Nf1 Ne8 12. Ne3 f5 13. exf5 gxf5 14. Nd5 Qd8 15.
Qd1 Nb8 16. d4 c6 17. Ne3 e4 18. Nd2 d5 19. Be2 f4 20. Nc2 Nd6 21. f3 Bf5 22.
Nf1 Bg6 23. Kh1 Nd7 24. g3 exf3 25. Bd3 Ne4 26. Bxe4 Bxe4 27. Bxf4 Nf6 28. Nd2
Ng4 29. Nxe4 dxe4 30. Rf1 Rxf4 31. gxf4 Qh4 32. Qd2 f2 33. Rxf2 Nxf2+ 34. Kg2
Nh3 35. Rf1 Rf8 0-1

[Event "XXIII Memorial Edoardo Crespi Open"]
[Site "Milano ITA"]
[Date "2002.12.08"]
[Round "9"]
[White "Vismara, Daniele"]
[Black "Dragojlovic, Andjelko"]
[Result "1/2-1/2"]
[WhiteElo "2246"]
[BlackElo "2324"]
[PlyCount "26"]
[EventDate "2002.12.02"]

1. e4 c5 2. Nf3 Nc6 3. d4 cxd4 4. Nxd4 g6 5. Nc3 Bg7 6. Be3 Nf6 7. Be2 O-O 8.
O-O d5 9. exd5 Nxd5 10. Nxd5 Nxd4 11. Bxd4 Qxd5 12. Bxg7 Qxd1 13. Raxd1 Kxg7
1/2-1/2

[Event "XXIII Memorial Edoardo Crespi Open"]
[Site "Milano ITA"]
[Date "2002.12.08"]
[Round "9"]
[White "Zanetti, Alberto"]
[Black "Sbarra, Marco"]
[Result "0-1"]
[WhiteElo "2004"]
[BlackElo "2220"]
[PlyCount "56"]
[EventDate "2002.12.02"]

1. Nf3 d5 2. b3 c5 3. e3 e6 4. Bb2 Nf6 5. Ne5 Nbd7 6. f4 Bd6 7. Bb5 O-O 8. O-O
Qc7 9. Bxd7 Nxd7 10. Qh5 f6 11. Nc3 fxe5 12. fxe5 Be7 13. Rxf8+ Nxf8 14. Rf1
Ng6 15. Qf3 Bd7 16. Nxd5 exd5 17. Qf7+ Kh8 18. e6 d4 19. exd7 Qxd7 20. exd4
cxd4 21. Re1 Rd8 22. h4 Bc5 23. Qc4 Bb6 24. h5 Nf4 25. h6 Qg4 26. Qf1 d3+ 27.
Re3 Bxe3+ 28. dxe3 Ne2+ 0-1

[Event "X Festival Ducale A"]
[Site "Genova ITA"]
[Date "2002.11.25"]
[Round "1"]
[White "Antoniacci, Riccardo"]
[Black "Laketic, Gojko"]
[Result "0-1"]
[WhiteElo "1927"]
[BlackElo "2444"]
[PlyCount "126"]
[EventDate "2002.11.25"]

1. e4 d6 2. d4 g6 3. Nf3 Bg7 4. Bc4 c6 5. O-O d5 6. exd5 cxd5 7. Bb5+ Bd7 8.
Qe2 Nf6 9. Re1 e6 10. Bd3 Nc6 11. c3 O-O 12. Bg5 Qb6 13. Na3 Rfc8 14. Reb1 Be8
15. Nc2 h6 16. Bf4 Nh5 17. Bd2 Qc7 18. g3 a6 19. a4 Na5 20. b4 Nc4 21. Bxc4
Qxc4 22. Qxc4 Rxc4 23. Ne3 Rc7 24. Ne5 Nf6 25. f3 Nd7 26. Nd3 a5 27. bxa5 Rxa5
28. Rb5 Ra8 29. Rb3 b6 30. Ng4 h5 31. Nge5 Nf8 32. Nb2 f6 33. Ned3 Nd7 34. Nf4
Bf7 35. Re1 e5 36. Nfd3 exd4 37. cxd4 Rc2 38. Bb4 Nb8 39. Bc3 Nc6 40. Rc1 Rxc1+
41. Nxc1 Ra6 42. Ne2 Bh6 43. Kf2 Kf8 44. Nf4 Ke7 45. Nfd3 Kd6 46. f4 Kc7 47.
Nb4 Ra8 48. Nxc6 Kxc6 49. Bd2 Bf8 50. h4 Be6 51. Bb4 Bg7 52. Bd2 Bf5 53. Bb4 g5
54. Rc3+ Kd7 55. Re3 Be4 56. Bc3 Bh6 57. fxg5 fxg5 58. Re1 Rf8+ 59. Kg1 Rf3 60.
Bd2 Rxg3+ 61. Kf1 Bg7 62. Bxg5 Bxd4 63. Ke2 Rg2+ 0-1

[Event "X Festival Ducale A"]
[Site "Genova ITA"]
[Date "2002.11.25"]
[Round "1"]
[White "Beccaris, Gabriele"]
[Black "Stroppa, Daniel"]
[Result "1/2-1/2"]
[WhiteElo "1824"]
[BlackElo "2274"]
[PlyCount "101"]
[EventDate "2002.11.25"]

1. e4 Nc6 2. d4 e5 3. Nf3 exd4 4. Bc4 Nf6 5. O-O Bc5 6. e5 d5 7. exf6 dxc4 8.
Re1+ Kf8 9. Bg5 gxf6 10. Bh6+ Kg8 11. Nc3 Bf8 12. Bxf8 Kxf8 13. Nb5 a6 14.
Nbxd4 Nxd4 15. Nxd4 c5 16. Ne2 Qxd1 17. Raxd1 Kg7 18. Nf4 Bf5 19. Re7 Rhd8 20.
Rde1 b5 21. Rc7 Rac8 22. Ra7 Rc6 23. h4 Rd4 24. g3 Rd7 25. Rxd7 Bxd7 26. Rd1
Bg4 27. Rd8 Bf3 28. Kh2 b4 29. Kh3 f5 30. Nd5 Bxd5 31. Rxd5 Kf6 32. g4 fxg4+
33. Kxg4 Ke7 34. Re5+ Kd7 35. Re4 Re6 36. Rxc4 Kd6 37. f4 Re1 38. a3 Kd5 39. b3
bxa3 40. Ra4 Ra1 41. Kf5 a2 42. h5 Rh1 43. Rxa2 Rxh5+ 44. Kg4 Rh6 45. Ra1 Rg6+
46. Kf5 Re6 47. Ra5 Rb6 48. b4 Rxb4 49. Rxa6 Rb2 50. Rh6 Rxc2 51. Rxh7 1/2-1/2

[Event "X Festival Ducale A"]
[Site "Genova ITA"]
[Date "2002.11.25"]
[Round "1"]
[White "Capurro, Giuliano"]
[Black "Dgebuadze, Alexandre"]
[Result "0-1"]
[WhiteElo "2048"]
[BlackElo "2537"]
[PlyCount "64"]
[EventDate "2002.11.25"]

1. e4 e6 2. d4 d5 3. Nd2 Nf6 4. e5 Nfd7 5. Ngf3 c5 6. c3 Nc6 7. Be2 Qb6 8. Qb3
cxd4 9. Qxb6 Nxb6 10. cxd4 f6 11. Nb3 Bd7 12. Bd2 a5 13. Rc1 Na4 14. O-O Nxb2
15. Rc2 Na4 16. exf6 gxf6 17. Bb5 Nb4 18. Bxd7+ Kxd7 19. Bxb4 axb4 20. Nc1 Bd6
21. Nd3 Rhc8 22. Rd2 Nc3 23. g3 Rxa2 24. Rxa2 Nxa2 25. Rb1 Nc3 26. Rb3 Ne2+ 27.
Kg2 Nc1 28. Nxc1 Rxc1 29. Rb2 Rc3 30. Ne1 b3 31. Kf1 Ba3 32. Rb1 b2 0-1

[Event "X Festival Ducale A"]
[Site "Genova ITA"]
[Date "2002.11.25"]
[Round "1"]
[White "Carosso, Andrea"]
[Black "Astengo, Marcello"]
[Result "1-0"]
[WhiteElo "1738"]
[BlackElo "2092"]
[PlyCount "105"]
[EventDate "2002.11.25"]

1. c4 e6 2. g3 d5 3. cxd5 exd5 4. Bg2 c6 5. Nf3 Qb6 6. a3 Bf5 7. b4 a5 8. bxa5
Rxa5 9. Nc3 Nd7 10. O-O Ngf6 11. Nh4 Bg4 12. h3 Be6 13. Rb1 Qa7 14. a4 d4 15.
Ne4 Nxe4 16. Bxe4 Bxh3 17. Re1 Nf6 18. Bf3 Be6 19. e4 dxe3 20. dxe3 Be7 21. Bd2
Ra6 22. Bc3 O-O 23. a5 Nd5 24. Bd2 c5 25. Ng2 Nb4 26. Nf4 Ba2 27. Rb2 Rxa5 28.
Bxb4 cxb4 29. Qd7 Qc5 30. Qxb7 Bf6 31. Rd2 Bc4 32. Rc1 Bc3 33. Rd7 Rb5 34. Qe4
Qc8 35. Ra7 Qc5 36. Ra8 Rbb8 37. Rxb8 Rxb8 38. Kg2 Rc8 39. Nd5 Bxd5 40. Qxd5
Qe7 41. Qb3 g6 42. Rd1 Kg7 43. Bd5 Rc5 44. e4 Qf6 45. Rd3 Qe7 46. Rf3 f6 47. g4
Qe5 48. Bg8 Qxe4 49. Qf7+ Kh6 50. Qf8+ Kg5 51. Qxc5+ Kxg4 52. Qe3 Qxe3 53. Rxe3
1-0

[Event "X Festival Ducale A"]
[Site "Genova ITA"]
[Date "2002.11.25"]
[Round "1"]
[White "Carzolio, Luigi"]
[Black "Georgiev, Vladimir"]
[Result "0-1"]
[WhiteElo "2026"]
[BlackElo "2501"]
[PlyCount "86"]
[EventDate "2002.11.25"]

1. d4 Nf6 2. Nf3 d5 3. e3 Nc6 4. c4 e6 5. a3 dxc4 6. Bxc4 Bd6 7. O-O O-O 8. Nc3
e5 9. dxe5 Nxe5 10. Nxe5 Bxe5 11. f4 Bxc3 12. bxc3 Bf5 13. Ra2 Qe7 14. Qb3 b6
15. Re2 Rad8 16. Ree1 Ne4 17. Rd1 c5 18. Rd5 Rxd5 19. Bxd5 Be6 20. c4 Bxd5 21.
cxd5 Rc8 22. Rd1 c4 23. Qc2 b5 24. Rd4 f5 25. Qd1 Rd8 26. a4 a6 27. axb5 axb5
28. Qh5 g6 29. Qh3 Qc5 30. Rxe4 fxe4 31. Qe6+ Kf8 32. Qf6+ Ke8 33. Qh8+ Kd7 34.
Qxh7+ Kc8 35. Qxg6 Rxd5 36. Qe6+ Kc7 37. Kf2 b4 38. Qxe4 c3 39. g4 b3 40. f5 b2
41. Bxb2 cxb2 42. f6 Rd2+ 43. Kf3 Qc6 0-1

[Event "X Festival Ducale A"]
[Site "Genova ITA"]
[Date "2002.11.25"]
[Round "1"]
[White "Fongarolli, Diego"]
[Black "Ambrosanio, Raffaele"]
[Result "1-0"]
[WhiteElo "2089"]
[BlackElo "1732"]
[PlyCount "89"]
[EventDate "2002.11.25"]

1. e4 d6 2. d4 Nf6 3. Nc3 g6 4. f4 Bg7 5. Nf3 c5 6. Bb5+ Bd7 7. e5 Ng4 8. e6
Bxb5 9. exf7+ Kd7 10. Nxb5 Qa5+ 11. Nc3 cxd4 12. Nxd4 Bxd4 13. Qxg4+ Qf5 14.
Qf3 Nc6 15. Ne2 Bg7 16. Qb3 Kc7 17. O-O Rhf8 18. Nc3 Qc5+ 19. Kh1 Bxc3 20. bxc3
Na5 21. Qe6 Qc4 22. Qxe7+ Kc6 23. Ba3 Rad8 24. Bxd6 Qxf7 25. Bb4 b6 26. Qe4+
Qd5 27. Qxd5+ Kxd5 28. Rad1+ Kc6 29. Bxf8 Rxf8 30. Rd4 Rf7 31. g4 Kc7 32. f5
Nc6 33. Rdf4 g5 34. Re4 Ne7 35. Rd1 Ng8 36. Rde1 Kd7 37. Ra4 Kd8 38. h3 Nf6 39.
Re6 Ne8 40. Rd4+ Rd7 41. Rxd7+ Kxd7 42. Rxe8 Kxe8 43. Kg2 Kf7 44. Kf3 Kf6 45.
Ke4 1-0

[Event "X Festival Ducale A"]
[Site "Genova ITA"]
[Date "2002.11.25"]
[Round "1"]
[White "Fornaro, Alberto"]
[Black "Sareen, Vishal"]
[Result "0-1"]
[WhiteElo "1798"]
[BlackElo "2335"]
[PlyCount "68"]
[EventDate "2002.11.25"]

1. d4 d5 2. Nf3 c6 3. c3 Bg4 4. Ne5 Bf5 5. Bf4 Qb6 6. Qb3 Nf6 7. Nd2 e6 8. e3
Nbd7 9. Nxd7 Nxd7 10. Be2 Be7 11. O-O g5 12. Bg3 h5 13. f3 h4 14. Qxb6 axb6 15.
Bf2 Nf6 16. e4 dxe4 17. fxe4 Nxe4 18. Nxe4 Bxe4 19. Rae1 h3 20. gxh3 f5 21. Bc4
Kd7 22. Bg3 b5 23. Bb3 Rxh3 24. a3 Rah8 25. Rxe4 fxe4 26. Re1 Bd6 27. Rxe4 R8h6
28. Kg2 Bxg3 29. hxg3 Rh2+ 30. Kf3 Rxb2 31. Bd1 Rh1 32. Be2 Rc1 33. Kg4 Rxc3
34. Re5 Rxa3 0-1

[Event "X Festival Ducale A"]
[Site "Genova ITA"]
[Date "2002.11.25"]
[Round "1"]
[White "Fossati, Remigio"]
[Black "Mollero, Michele"]
[Result "1-0"]
[WhiteElo "1807"]
[BlackElo "2164"]
[PlyCount "81"]
[EventDate "2002.11.25"]

1. e4 e6 2. d4 d5 3. Nd2 Nf6 4. e5 Nfd7 5. f4 c5 6. c3 Nc6 7. Ndf3 cxd4 8. cxd4
Qb6 9. Ne2 Be7 10. g3 f6 11. Bh3 Nf8 12. Nc3 fxe5 13. fxe5 Ng6 14. Na4 Qc7 15.
Be3 b5 16. Nc3 Qb6 17. Qd2 O-O 18. O-O a5 19. Rad1 a4 20. Qf2 Na5 21. Bg4 Ba6
22. h4 Rf7 23. h5 Nf8 24. Qg2 b4 25. Ne2 Bxe2 26. Qxe2 Nc4 27. Bc1 b3 28. a3
Nd7 29. Bf4 Raf8 30. Rde1 Rxf4 31. gxf4 Rxf4 32. Bh3 Bh4 33. Rd1 Rxf3 34. Qxf3
Ncxe5 35. Bxe6+ Qxe6 36. dxe5 h6 37. Qxd5 Qxd5 38. Rxd5 Nb6 39. Rb5 Bg5 40. e6
Be3+ 41. Kg2 1-0

[Event "X Festival Ducale A"]
[Site "Genova ITA"]
[Date "2002.11.25"]
[Round "1"]
[White "Gorshkova, Irina"]
[Black "Palma, Antonio"]
[Result "1-0"]
[WhiteElo "2190"]
[BlackElo "1816"]
[PlyCount "97"]
[EventDate "2002.11.25"]

1. e4 c5 2. c3 d5 3. exd5 Qxd5 4. d4 Nf6 5. Nf3 Bg4 6. Be2 e6 7. h3 Bh5 8. O-O
Nc6 9. Na3 Qd6 10. Nc4 Qc7 11. Be3 Rd8 12. Qa4 Nd5 13. Nce5 Nb6 14. Qc2 Nxe5
15. Nxe5 Bxe2 16. Qxe2 a6 17. Qf3 Nd5 18. c4 Nf6 19. Rad1 cxd4 20. Bxd4 Be7 21.
Qe3 Qb8 22. Qg5 g6 23. Nf3 h6 24. Qe3 Qc8 25. Ne5 Kf8 26. Qf3 Rh7 27. Nxg6+
fxg6 28. Bxf6 Rf7 29. Bxe7+ Kxe7 30. Qa3+ Kf6 31. Rxd8 Qxd8 32. Qc3+ e5 33. Qe3
g5 34. h4 Qd4 35. hxg5+ hxg5 36. Qxd4 exd4 37. f4 g4 38. Kf2 Re7 39. g3 d3 40.
Re1 Rd7 41. Ke3 Re7+ 42. Kd2 Rxe1 43. Kxe1 Kf5 44. Kd2 Ke4 45. f5 Kxf5 46. Kxd3
Ke5 47. Ke3 a5 48. b3 Kf5 49. Kd4 1-0

[Event "X Festival Ducale A"]
[Site "Genova ITA"]
[Date "2002.11.25"]
[Round "1"]
[White "Lazic, Miroljub"]
[Black "Di Lazzaro, Gabriele"]
[Result "1-0"]
[WhiteElo "2461"]
[BlackElo "1985"]
[PlyCount "57"]
[EventDate "2002.11.25"]

1. g3 c5 2. Bg2 d5 3. Nf3 Nc6 4. O-O e5 5. c4 d4 6. d3 f5 7. e3 Nf6 8. exd4
cxd4 9. Nxe5 Nxe5 10. Re1 Bd6 11. f4 Qc7 12. fxe5 Bxe5 13. Bf4 Ng4 14. Bxe5
Nxe5 15. Qe2 O-O 16. Qxe5 Qb6 17. Nd2 Qxb2 18. Bd5+ Kh8 19. Nf3 f4 20. Qxd4 Qa3
21. c5 Bf5 22. Re7 Rf6 23. Rae1 Raf8 24. Re8 fxg3 25. hxg3 Bg6 26. Rxf8+ Rxf8
27. Kg2 Bh5 28. Re7 Bxf3+ 29. Kh2 1-0

[Event "X Festival Ducale A"]
[Site "Genova ITA"]
[Date "2002.11.25"]
[Round "1"]
[White "Maksimenko, Andrei"]
[Black "Roversi, Stefano"]
[Result "1-0"]
[WhiteElo "2507"]
[BlackElo "2043"]
[PlyCount "49"]
[EventDate "2002.11.25"]

1. Nf3 Nf6 2. c4 g6 3. Nc3 Bg7 4. e4 d6 5. d4 O-O 6. Be2 c5 7. O-O cxd4 8. Nxd4
Nc6 9. Be3 a6 10. f3 Bd7 11. Nb3 Na5 12. Nd2 Rc8 13. Rc1 b6 14. b4 Nb7 15. Nb3
a5 16. a3 axb4 17. axb4 Ra8 18. Qd2 Ba4 19. Nd4 e5 20. Ndb5 Bxb5 21. Nxb5 Ne8
22. Ra1 f5 23. Qd5+ Rf7 24. c5 bxc5 25. Bc4 1-0

[Event "X Festival Ducale A"]
[Site "Genova ITA"]
[Date "2002.11.25"]
[Round "1"]
[White "Massa, Giovanni"]
[Black "Morselli, Stefano"]
[Result "1-0"]
[WhiteElo "2096"]
[BlackElo "1750"]
[PlyCount "49"]
[EventDate "2002.11.25"]

1. e4 g6 2. d4 Bg7 3. Nc3 d6 4. f4 Nf6 5. Nf3 c5 6. Bb5+ Bd7 7. e5 Bxb5 8. exf6
Bxf6 9. Nxb5 Qb6 10. c4 a6 11. Nc3 cxd4 12. Nd5 Qc5 13. Nxf6+ exf6 14. Qxd4 Nc6
15. Qxc5 dxc5 16. Bd2 O-O 17. O-O Rad8 18. Bc3 Nd4 19. Bxd4 cxd4 20. Rad1 Rfe8
21. Rfe1 d3 22. Kf2 f5 23. Rxe8+ Rxe8 24. Rxd3 Re4 25. Rd4 1-0